Contaminated land (Record no. 109197)

MARC details
000 -LEADER
fixed length control field 01300cam a22003135a 4500
001 - CONTROL NUMBER
control field L146494
008 - FIXED-LENGTH DATA ELEMENTS--GENERAL INFORMATION
fixed length control field 090127s2008 xxka f 000 0 eng d
020 ## - INTERNATIONAL STANDARD BOOK NUMBER
International Standard Book Number 9780727734822
035 ## - SYSTEM CONTROL NUMBER
System control number (Sirsi) u146494
041 0# - LANGUAGE CODE
Language code of text/sound track or separate title eng
050 04 - LIBRARY OF CONGRESS CALL NUMBER
Classification number 333.73 $2 18
100 1# - MAIN ENTRY--PERSONAL NAME
Personal name Strange, Jo
245 00 - TITLE STATEMENT
Title Contaminated land
Remainder of title investigation, assessment and remediation
250 ## - EDITION STATEMENT
Edition statement 2nd ed.
260 ## - PUBLICATION, DISTRIBUTION, ETC.
Place of publication, distribution, etc. London
Name of publisher, distributor, etc. Thomas Telford
Date of publication, distribution, etc. 2008
300 ## - PHYSICAL DESCRIPTION
Extent 91p.
Other physical details ill.
Dimensions 30cm.
350 ## - PRICE (NR) (BK AM CF MU VM SE) [OBSOLETE]
Price 35
490 #0 - SERIES STATEMENT
Series statement ICE Design and Practice Guide
505 2# - FORMATTED CONTENTS NOTE
Formatted contents note Investigation and assessment: introduction; the risk management framework; site investigation and risk management -- Remediation: remediation as part of risk management; remediation options; remedy selection; design and implementation -- Appendices -- References
520 ## - SUMMARY, ETC.
Summary, etc. Offers guidance on the assessment and remediation of contaminated land within a risk management framework. Emphasises the need for a multi-disciplinary approach and the use of appropriately experienced specialists.
520 ## - SUMMARY, ETC.
Summary, etc. Supersedes first edition (ISBN 0727720163).
521 ## - TARGET AUDIENCE NOTE
Target audience note Advanced
590 ## - LOCAL NOTE (RLIN)
Local note KA
651 #4 - SUBJECT ADDED ENTRY--GEOGRAPHIC NAME
Geographic name United Kingdom
Chronological subdivision
690 ## - LOCAL SUBJECT ADDED ENTRY--TOPICAL TERM (OCLC, RLIN)
Topical term or geographic name as entry element PROPERTY-RURAL AND NATURAL ASSETS-LAND-CONTAMINATED LAND
700 1# - ADDED ENTRY--PERSONAL NAME
Personal name Langdon, Nick
942 ## - ADDED ENTRY ELEMENTS (KOHA)
Suppress in OPAC 0
Holdings
Withdrawn status Lost status Source of classification or shelving scheme Damaged status Not for loan Home library Current library Shelving location Date acquired Cost, normal purchase price Total Checkouts Full call number Barcode Date last seen Copy number Cost, replacement price Price effective from Koha item type
    Dewey Decimal Classification     London London Books 12/02/2009 35.00   F333.73 STR 30079648 06/08/2019 1 35.00 06/08/2019 Book